All 50k+ Cities in Afghanistan - Statistics

General Stats
  • This quiz has been taken 106 times
  • The average score is 5 of 15
Answers on the Map
Answers color-coded by a green-red scale on the quiz's map according to % correct below.
 
Answer Stats
Population Answer % Correct
4,434,600 Kābul
97%
523,300 Kandahār
80%
574,300 Herāt
77%
271,900 Jalālābād
63%
484,500 Mazār-e Sharīf
60%
189,300 Kunduz
31%
69,000 Ghaznī
23%
89,300 Lashkargāh
17%
93,600 Sheberghān
14%
79,600 Baghlān
11%
96,000 Meymaneh
11%
123,700 Pul-e Khumrī
9%
65,900 Chārīkār
6%
83,900 Tāluqān
6%
57,800 Khulm
3%
No matching quizzes found
Score Distribution
Percent of People with Each Score
Percentile by Number Answered
Your Score History
You have not taken this quiz